[Event "Asia-ch Seniors 65"]
[Site "Larestan"]
[Date "2015.10.01"]
[Round "9"]
[White "Nowroozian, Aliakbar"]
[Black "Wazeer Ahmad, Khan"]
[Result "1/2-1/2"]
[WhiteElo "1628"]
[BlackElo "2021"]
[PlyCount "50"]
[EventDate "2015.09.25"]
[EventType "swiss"]
[EventRounds "9"]
[EventCountry "IRI"]
[SourceTitle "EXT 2017"]
[Source "ChessBase"]
[SourceDate "2016.10.25"]
[SourceVersion "1"]
[SourceVersionDate "2016.10.25"]
[SourceQuality "1"]

1. d4 c5 2. Nf3 cxd4 3. Nxd4 Nf6 4. c3 Nc6 5. Bg5 e6 6. e3 Nxd4 7. exd4 d5 8. Nd2 Bd6 9. Bb5+ Bd7 10. Qa4 Bxb5 11. Qxb5+ Qd7 12. Qxd7+ Nxd7 13. 0-0 h6 14. Bh4 Bf4 15. Nb3 b6 16. Nc1 Nf6 17. Ne2 Bd6 18. f4 Ne4 19. Rad1 g5 20. fxg5 hxg5 21. Bg3 Bxg3 22. Nxg3 Nxg3 23. hxg3 Ke7 24. Kf2 Rh6 25. Rh1 Rah8 1/2-1/2